TV Shows and Films by car Quiz Stats

 Plays Quiz not verified by Sporcle

Also try: Comic Strips
Challenge
Share
Tweet
Score 0/20 Timer 16:00
0 Plays Today
% Correct
Back to the Future
87.1%
Herbie
86.2%
Batman
84.6%
Scooby Doo
83%
Cars
82.6%
Dukes of Hazzard
76.6%
Knight Rider
76.3%
Star Wars: The Phantom Menace
73.4%
Doctor Who
51.3%
Casino Royale
44.9%
% Correct
Starsky & Hutch
41.5%
Men in Black
39.5%
The Simpsons
38.2%
Top Gear
35.3%
Harry Potter and the Chamber of secrets
32.4%
Ashes to Ashes
9.8%
Hawaii five-0
6.7%
Only Fools and Horses
4.7%
Johnny English Reborn
4.7%
NCIS Los Angeles
1.8%

You're not logged in!

Compare scores with friends on all Sporcle quizzes.
OR
Log In

You Might Also Like...

Show Comments

Extras

Top Quizzes Today


Score Distribution

Your Account Isn't Verified!

In order to create a playlist on Sporcle, you need to verify the email address you used during registration. Go to your Sporcle Settings to finish the process.

Report this User

Report this user for behavior that violates our Community Guidelines.

Details: